Movies Quiz

Random Movies or Clickable Quiz

Follow That Line: Jurassic Park Quiz Stats

 Plays Quiz Updated Jul 3, 2018

Challenge
Share
Tweet
Embed
Score 0/30 Timer 10:00
20 Plays Today
% Correct
Dinosaurs eat man. Woman inherits the earth.
89.9%
I happen to be a vegetarian.
88.4%
You never had control, that's the illusion!
85.3%
No, I'm, I'm simply saying that life, uh... finds a way.
83.5%
They're lethal at eight months, and I do mean lethal.
79.3%
The point is, you are alive when they start to eat you.
79.3%
Because we are being hunted.
78.2%
Welcome to Jurassic Park.
77%
Then they're expensive, put 'em back.
76.1%
Genetic power is the most awesome force the planet's ever seen, but you wield it like a kid that's found his dad's gun.
74%
So have I.
74%
Because Velociraptor's a pack hunter, you see, he uses coordinated attack patterns and he is out in force today.
73.7%
I don't want that kid, but a breed of child Dr. Grant could be intriguing.
71.6%
Small versions of adults, honey
71.1%
Please! God damn it! I hate this hacker crap!
70.1%
% Correct
And that's when the attack comes.
69.7%
Something that was real, something that they could see and touch.
68.1%
That's right, but they never attack the same place twice.
67.2%
That's what I said: you're a nerd.
67%
But that's *not* what *I'm* gonna do.
66.6%
It's right up your alley.
62.8%
Find Nedry! Check the vending machines!
59.5%
I'm gonna run you over when I come back down!
59.5%
Thank you.
59%
That's, that's chaos theory.
58.7%
They remember.
57.8%
Hold on to your butts!
57.5%
That was Hammond's mistake.
56%
For today, I guarantee it.
49.8%
It's gonna come through the glass!
40.2%

You're not logged in!

Compare scores with friends on all Sporcle quizzes.
OR
Log In

You Might Also Like...

Show Comments

Extras

Top Quizzes Today


Score Distribution

Your Account Isn't Verified!

In order to create a playlist on Sporcle, you need to verify the email address you used during registration. Go to your Sporcle Settings to finish the process.

Report this User

Report this user for behavior that violates our Community Guidelines.

Details: